000 00441nam a2200157 4500
001 126773
003 ES-MaACL
005 20230906192858.0
007 t|
008 070214q1947 sp r ||||1| spa d
245 0 3 _aEl Retiro.
260 _aMadrid :
_bDirección General de Turismo,
_c[1947?]
300 _a8 h. :
_bil. ;
_c23 cm.
710 1 _aEspaña.
_bDirección General de Turismo.
_9172729
852 _aES-MaACL
_j1877-F-14
_bR.24482
999 _c126773
_d126773